000 00846nam a2200337 i 4500
001 000016549
003 DO-SdBNP
005 20240710085958.0
006 a||||fr|||| 00| 0
007 ta
008 240710e1996 dr ad r 000 0 spa d
040 _aDO-SdBNP
_bspa
_cBNPHU
_erda
082 4 _bP334h
_222
100 _aPausides, Alex
_eautor
_986023
245 1 0 _aHabitante del viento /
_cAlex Pausides
264 1 _aLa Habana, Cuba :
_bAbril,
_c1996.
300 _a67 páginas ;
_c19 cm.
336 _2rdacontent
_atexto
_btxt
337 _2rdamedia
_asin mediación
_bn
338 _2rdacarrier
_avolumen
_bnc
490 _aPinos nuevos
590 _aInventariado, 2024/DG
650 _97940
650 _936794
651 _936795
700 _957852
700 _984727
710 _984722
910 _aDG
942 _2ddc
_cLBS1
999 _c57232
_d57232